<?xml version="1.0" encoding="UTF-8"?>
<collection xmlns="http://www.loc.gov/MARC21/slim">
 <record>
  <leader>01923nam a2200229Ia 4500</leader>
  <controlfield tag="001">CTU_189020</controlfield>
  <controlfield tag="008">210402s9999    xx            000 0 und d</controlfield>
  <datafield tag="082" ind1=" " ind2=" ">
   <subfield code="a">345.597</subfield>
  </datafield>
  <datafield tag="082" ind1=" " ind2=" ">
   <subfield code="b">S501</subfield>
  </datafield>
  <datafield tag="088" ind1=" " ind2=" ">
   <subfield code="a">603850</subfield>
  </datafield>
  <datafield tag="100" ind1=" " ind2=" ">
   <subfield code="a">Lê, Văn Sua</subfield>
  </datafield>
  <datafield tag="245" ind1=" " ind2="0">
   <subfield code="a">Hoạt động phát hiện, điều tra tội phạm cố ý làm trái quy định của Nhà nước về quản lý kinh tế gây hậu quả nghiêm trọng - trong đầu tư xây dựng cơ bản - của các cơ quan điều tra thuộc Quân khu 9 :</subfield>
  </datafield>
  <datafield tag="245" ind1=" " ind2="0">
   <subfield code="b">Luận văn Thạc sỹ luật học. Ngành Luật Kinh tế</subfield>
  </datafield>
  <datafield tag="245" ind1=" " ind2="0">
   <subfield code="c">Lê Văn Sua ; Phạm Văn Beo (hướng dẫn)</subfield>
  </datafield>
  <datafield tag="260" ind1=" " ind2=" ">
   <subfield code="a">Cần Thơ</subfield>
  </datafield>
  <datafield tag="260" ind1=" " ind2=" ">
   <subfield code="b">Đại học Cần Thơ</subfield>
  </datafield>
  <datafield tag="260" ind1=" " ind2=" ">
   <subfield code="c">2013</subfield>
  </datafield>
  <datafield tag="520" ind1=" " ind2=" ">
   <subfield code="a">Nội dung đề tài là nghiên cứu một số vấn đề lý luận và thực tiễn về phát hiện, điều tra tội phạm cố ý làm trái quy định của Nhà nước về quản lý kinh tế gây hậu quả nghiêm trọng - trong đầu tư xây dựng cơ bản; về họat động của các Cơ quan điều tra thuộc Quân khu 9 trong phát hiện, điều tra tội phạm cố ý làm trái quy định của Nhà nước về quản lý kinh tế gây hậu qủ nghiêm trọng trong đầu tư xây dựng cơ bản; rút ra những nguyên nhân, điều kiện làm phát sinh tội phạm, đồng thời đề xuất một số giải pháp nâng cao hiệu quả hoạt động phát hiện, đìều tra xử lý loại tội phạm này.</subfield>
  </datafield>
  <datafield tag="650" ind1=" " ind2=" ">
   <subfield code="a">Luật dân sự</subfield>
  </datafield>
  <datafield tag="650" ind1=" " ind2=" ">
   <subfield code="x">Cố ý làm trái quy định</subfield>
  </datafield>
  <datafield tag="904" ind1=" " ind2=" ">
   <subfield code="i">Qhieu, Thanh Thúy</subfield>
  </datafield>
  <datafield tag="980" ind1=" " ind2=" ">
   <subfield code="a">Trung tâm Học liệu Trường Đại học Cần Thơ</subfield>
  </datafield>
 </record>
</collection>
